| 000 | 01130nam a2200301 4500 | ||
|---|---|---|---|
| 003 | EG-GICUC | ||
| 005 | 20260510190244.0 | ||
| 008 | 260310s1936 Ua op||fr|||| 000 0 ara d | ||
| 040 |
_a EG-GICUC _bara _c EG-GICUC _d EG-GICUC _erda |
||
| 041 | 0 | _aara | |
| 082 | 0 | 4 |
_221 _a431.9 _bع ب . م |
| 092 | 0 | 4 | _221 |
| 099 | _aLaw1 11 1936 341.9 ع ب . م | ||
| 100 | 0 |
_aعباس حافظ ، _eمؤلف. |
|
| 245 | 1 | 0 |
_aمصطفى النحاس أو الزعامة والزعيم : _bدرس وبحث وتحليل / _cتأليف الأستاذ عباس حافظ . |
| 264 | 3 |
_aالقاهرة : _bمطبعة مصر ، _c١٩٣٦ . |
|
| 300 |
_a543 ؛ صفحة _bإيضاحيات، صور ؛ _c24 سم |
||
| 336 |
_2rda content _atext |
||
| 337 |
_2rda media _aComputer |
||
| 338 |
_2rda carrier _aOnline Resource |
||
| 504 | _aيشتمل على ارجاعات ببليوجرافية . | ||
| 546 | _aالنص باللغة العربية | ||
| 650 | 1 | 4 |
_2qrmak _aالقانون الدولي -- تاريخ |
| 651 | 1 | _2qrmak | |
| 856 | 4 | 0 | _uhttps://fll.law.cu.edu.eg/fulltext/conf/B12-00851.pdf |
| 905 | _a76 | ||
| 942 |
_2ddc _n0 _cBK _e21 |
||
| 999 |
_c65990 _d65990 |
||